Southville International School and Colleges
Your cart is empty.
  • Cart
  • Lists
    Public lists Eva Luna New books Lux_list list_1
    Your lists Log in to create your own lists
  • Log in to your account
  • Your cookies
  • Search history
Southville International School and Colleges
  • Advanced search
  • Recent comments
  • Most popular
  • Libraries

Log in to your account

Log in with GOOGLE


If you do not have an external account, but do have a local account, you can still log in:

  1. Home
  2. MARC view: Philippines:
Normal view MARC view ISBD view

Philippines: (Record no. 362012)

[ view plain ]
MARC details
000 -LEADER
fixed length control field 00461nam a2200133Ia 4500
008 - FIXED-LENGTH DATA ELEMENTS--GENERAL INFORMATION
fixed length control field 190723s9999 xx 000 0 und d
020 ## - INTERNATIONAL STANDARD BOOK NUMBER
International Standard Book Number 9781741796940
100 ## - MAIN ENTRY--PERSONAL NAME
Personal name Bloom, Greg
245 ## - TITLE STATEMENT
Statement of responsibility, etc Greg Bloom; Michael Grosberg; Adam Karlin; Kate Morgan
Title Philippines:
Remainder of title easy-to-use, new-look guide, comprehensive listings/
260 ## - PUBLICATION, DISTRIBUTION, ETC. (IMPRINT)
Place of publication, distribution, etc Singapore:
Name of publisher, distributor, etc Lonely Planet
Date of publication, distribution, etc 2012
300 ## - PHYSICAL DESCRIPTION
Extent 478 p. :
Other physical details col. ill. ;
Dimensions 200 cm.
500 ## - GENERAL NOTE
General note Includes index
650 ## - SUBJECT ADDED ENTRY--TOPICAL TERM
Topical term or geographic name as entry element Philippines
Holdings
Withdrawn status Lost status Source of classification or shelving scheme Damaged status Home library Current library Shelving location Date acquired Source of acquisition Total Checkouts Full call number Barcode Date last seen Price effective from Koha item type
    Library of Congress Classification   Luxembourg Library Luxembourg Library Reference Section 07/23/2019 Donation   DS 654 .B655 2012 20738 07/23/2019 07/23/2019 Books

Philippines:

APA

Bloom G., . (2012). Philippines. Singapore: Lonely Planet.

Chicago

Bloom Greg, . 2012. Philippines. Singapore: Lonely Planet.

Harvard

Bloom G., . (2012). Philippines. Singapore: Lonely Planet.

MLA

Bloom Greg, . Philippines. Singapore: Lonely Planet. 2012.

  • Place hold
  • Print
  • Cite
  • Add to your cart (remove)
  • Save record
    BIBTEX Dublin Core MARCXML MARC (non-Unicode/MARC-8) MARC (Unicode/UTF-8) MARC (Unicode/UTF-8, Standard) MODS (XML) RIS
  • More searches
    Search for this title in:
    Other Libraries (WorldCat) Other Databases (Google Scholar) Online Stores (Bookfinder.com) Open Library (openlibrary.org)

Exporting to Dublin Core...

SOUTHVILLE LIBRARY

Southville International School and Colleges Library

1281 Tropical Ave. Cor. Luxembourg St., BF Homes International, Las Pinas City

Tel. No. 8256374 / 252358 Loc. 117/146

Powered by Koha